Reprezentacje, które najwięcej razy wygrały z Polską - Statystyki

Ogólne statystyki
  • Ten quiz został rozwiązany 807 razy
    255 od ostatniego zresetowania
  • Średni wynik to 12 z 14
Statystyki odpowiedzi
Zwycięstwa nad Polską Reprezentacja % Poprawnych
13 Niemcy (w tym jako Niemcy Zachodnie)
99%
9 Francja
93%
9 Rosja (w tym jako ZSRR)
93%
12 Anglia
90%
11 Włochy
89%
19 Czechy (w tym jako Czechosłowacja)
87%
10 Holandia
87%
11 Brazylia
86%
15 Szwecja
84%
22 Węgry
84%
9 Argentyna
83%
13 Dania
74%
9 Serbia (w tym jako Jugosławia)
71%
14 Rumunia
68%
Nie znaleziono quizów pasujących do podanych kryteriów
Rozkład punktacji
Procent ludzi z każdym wynikiem
Percentyl według liczby udzielonych odpowiedzi
Twoja historia wyników
Nie rozwiązałeś tego quizu od ostatniego zresetowania